Dzielnice Gdańska - Statystyki

Ogólne statystyki
  • Ten quiz został rozwiązany 1 495 razy
  • Średni wynik to 21 z 35
Statystyki odpowiedzi
lp, Liczba mieszkańców Dzielnica % Poprawnych
10. 16212 Oliwa
89%
3. 26846 Śródmieście
87%
14. 14163 Orunia-Św. Wojciech-Lipce
83%
9. 16865 Żabianka-Wejhera-Jelitkowo-Tysiąclecia
83%
6. 23456 Wrzeszcz Dolny
77%
7. 22950 Wrzeszcz Górny
77%
18. 12593 Brzeźno
73%
21. 9820 Nowy Port
73%
1. 32242 Chełm
72%
29. 10932 Stogi
68%
5. 23853 Ujeścisko-Łostowice
68%
11. 15163 Osowa
67%
26. 4902 Aniołki
66%
12. 14999 Przymorze Małe
64%
2. 28167 Przymorze Wielkie
64%
13. 14974 Jasień
63%
24. 5803 Matarnia
61%
4. 25903 Piecki-Migowo
61%
8. 19807 Orunia Górna-Gdańsk Południe
56%
23. 7460 Brętowo
55%
29. 3360 Wyspa Sobieszewska
55%
17. 12971 Zaspa-Rozstaje
54%
16. 13334 Siedlce
52%
25. 5415 Strzyża
52%
22. 9094 Kokoszki
50%
35. 1314 Letnica
50%
27. 4185 Przeróbka
50%
20. 10078 Suchanino
49%
15. 13376 Zaspa-Młyniec
47%
30. 3112 Olszynka
42%
28. 3954 VII Dwór
42%
32. 2505 Wzgórze Mickiewicza
41%
34. 1875 Krakowiec-Górki Zachodnie
39%
36. 1242 Rudniki
39%
31. 2879 Młyniska
34%
Nie znaleziono quizów pasujących do podanych kryteriów
Rozkład punktacji
Procent ludzi z każdym wynikiem
Percentyl według liczby udzielonych odpowiedzi
Twoja historia wyników
Nie rozwiązałeś tego quizu